000 00691nam a2200289Ia 4500
005 20260324151054.0
008 008 260324s9999 xx 000 0 eng d
020 _a9781315461694
037 _aEBOOK
040 _aCRL
040 _beng
040 _cCRL
041 _2eng
041 _aeng
084 _qCRL
100 _aMichael Nolan
_91228625
245 2 _aA Treatise of the Laws for the Relief and Settlement of the Poor
245 0 _bVolume I
260 _bTaylor and Francis
260 _c1805
365 _a
365 _b290
856 _uhttp://www.taylorfrancis.com/books/9781315461694
942 _cEBOOK
999 _c1839126
_d1839126